| 000 | 00723nam a2200253Ia 4500 | ||
|---|---|---|---|
| 003 | 0100 | ||
| 005 | 20140925020004.0 | ||
| 008 | 130303s9999 xx 000 0 und d | ||
| 020 | _a8120817982 | ||
| 040 | _cARRUPELIB | ||
| 050 | _aB162. I26 | ||
| 100 |
_aIchimura, Sh ohei _98273 |
||
| 245 | _aBuddhist critical spirituality | ||
| 245 | _bPrajn a and ps unyat a | ||
| 250 | _a1 st | ||
| 260 | _aDelhi | ||
| 260 | _bMotilal Bernarsidass | ||
| 300 | _a435 p. | ||
| 300 | _b 22 cm | ||
| 440 |
_aNorth American Institute of Zen and Buddist Studies , ser. 4 _98274 |
||
| 650 |
_aPhilosophy, Buddhst Knowledge, Theory of (Buddhism)Sunyata _98275 |
||
| 700 |
_aShohei Ichimura _98276 |
||
| 942 | 0 | 0 |
_03 _2lcc _cMONOGRAPH |
| 999 |
_c7506 _d7506 |
||